000 00516nam a2200205Ii 4500
003 JO-AjNU
008 230606s9999||||xx |||||||||||||| ||und||
020 _a0-80-53-7756-5
040 _aJO-AjNU
_beng
_erda
_cJO-AjNU
041 _aeng
050 1 4 _aQD31.3.T55
100 3 _aTimberlake,
_eauthor
_93735
245 0 0 _aChemistry
250 _a9 ed
300 _a661p
336 _atext
_btxt
_2rdacontent
337 _aunmediated
_bn
_2rdamedia
338 _avolume
_bnc
_2rdacarrier
650 4 _aCHEMISTRY
_93736
999 _aE1950
_c1950
_d1950